<?xml version="1.0" encoding="UTF-8"?>
<record
    xmlns:xsi="http://www.w3.org/2001/XMLSchema-instance"
    xsi:schemaLocation="http://www.loc.gov/MARC21/slim http://www.loc.gov/standards/marcxml/schema/MARC21slim.xsd"
    xmlns="http://www.loc.gov/MARC21/slim">

  <leader>01257nam0a2200301   4500</leader>
  <controlfield tag="001">RU\NLR\BIBL_A\010730444</controlfield>
  <controlfield tag="005">20250614092132.0</controlfield>
  <datafield tag="010" ind1=" " ind2=" ">
    <subfield code="a">978-5-906701-31-2</subfield>
    <subfield code="9">500</subfield>
  </datafield>
  <datafield tag="021" ind1=" " ind2=" ">
    <subfield code="a">RU</subfield>
    <subfield code="b">2015-7441</subfield>
    <subfield code="9">466</subfield>
  </datafield>
  <datafield tag="035" ind1=" " ind2=" ">
    <subfield code="a">(NLR Aleph) 010730444</subfield>
  </datafield>
  <datafield tag="090" ind1=" " ind2=" ">
    <subfield code="a">9862414</subfield>
    <subfield code="c">9862414</subfield>
  </datafield>
  <datafield tag="100" ind1=" " ind2=" ">
    <subfield code="a">20150416d2014    |||y0rusy50      ca</subfield>
  </datafield>
  <datafield tag="101" ind1="0" ind2=" ">
    <subfield code="a">tat</subfield>
  </datafield>
  <datafield tag="102" ind1=" " ind2=" ">
    <subfield code="a">RU</subfield>
  </datafield>
  <datafield tag="105" ind1=" " ind2=" ">
    <subfield code="a">a   z   000 y</subfield>
  </datafield>
  <datafield tag="200" ind1="1" ind2=" ">
    <subfield code="a">&#x42D;&#x447;&#x4D9;&#x440; &#x441;&#x443;&#x44B;&#x43C; &#x441;&#x438;&#x43D;&#x434;&#x4D9;, &#x41A;&#x438;&#x431;&#x4D9;&#x447;&#x435;&#x43C;!</subfield>
    <subfield code="e">[&#x422;&#x430;&#x442;&#x430;&#x440;&#x441;&#x442;&#x430;&#x43D; &#x420;&#x435;&#x441;&#x43F;. &#x421;&#x430;&#x431;&#x430; &#x440;-&#x43D;&#x44B; &#x41E;&#x43B;&#x44B; &#x41A;&#x438;&#x431;&#x4D9;&#x447;&#x435; &#x430;&#x432;&#x44B;&#x43B;&#x44B; &#x442;&#x430;&#x440;&#x438;&#x445;&#x44B;]</subfield>
    <subfield code="f">&#x41B;&#x44E;&#x446;&#x438;&#x44F; &#x428;&#x4D9;&#x440;&#x4D9;&#x444;&#x438;&#x435;&#x432;&#x430;</subfield>
  </datafield>
  <datafield tag="210" ind1=" " ind2=" ">
    <subfield code="a">&#x41A;&#x430;&#x437;&#x430;&#x43D;</subfield>
    <subfield code="c">&#x418;&#x445;&#x43B;&#x430;&#x441;</subfield>
    <subfield code="d">2014</subfield>
  </datafield>
  <datafield tag="215" ind1=" " ind2=" ">
    <subfield code="a">239 &#x431;.</subfield>
    <subfield code="c">&#x444;&#x43E;&#x442;.</subfield>
    <subfield code="d">25</subfield>
  </datafield>
  <datafield tag="320" ind1=" " ind2=" ">
    <subfield code="a">&#x411;&#x438;&#x431;&#x43B;&#x438;&#x43E;&#x433;&#x440;.: &#x441;. 232-238.</subfield>
  </datafield>
  <datafield tag="541" ind1="1" ind2=" ">
    <subfield code="6">z01790</subfield>
    <subfield code="a">&#x41A;&#x438;&#x431;&#x44F;&#x447;&#x438; - &#x440;&#x43E;&#x434;&#x43D;&#x438;&#x43A; &#x434;&#x443;&#x448;&#x438; &#x43C;&#x43E;&#x435;&#x439;</subfield>
    <subfield code="e">&#x441;&#x442;., &#x432;&#x43E;&#x441;&#x43F;&#x43E;&#x43C;&#x438;&#x43D;&#x430;&#x43D;&#x438;&#x44F;</subfield>
    <subfield code="e">[&#x438;&#x441;&#x442;. &#x441;. &#x411;&#x43E;&#x43B;&#x44C;&#x448;&#x438;&#x435; &#x41A;&#x438;&#x431;&#x44F;&#x447;&#x438; &#x421;&#x430;&#x431;&#x438;&#x43D;. &#x440;-&#x43D;&#x430; &#x420;&#x435;&#x441;&#x43F;. &#x422;&#x430;&#x442;&#x430;&#x440;&#x441;&#x442;&#x430;&#x43D;]</subfield>
    <subfield code="z">rus</subfield>
  </datafield>
  <datafield tag="606" ind1="1" ind2=" ">
    <subfield code="a">&#x422;&#x430;&#x442;&#x430;&#x440;&#x441;&#x43A;&#x430;&#x44F; &#x434;&#x435;&#x440;&#x435;&#x432;&#x43D;&#x44F;</subfield>
    <subfield code="x">&#x418;&#x441;&#x442;&#x43E;&#x440;&#x438;&#x44F;</subfield>
    <subfield code="9">2175442</subfield>
    <subfield code="3">RU\NLR\auth-onl\66106</subfield>
  </datafield>
  <datafield tag="686" ind1="1" ind2=" ">
    <subfield code="a">&#x422;3(2&#x420;-6&#x422;)-9</subfield>
  </datafield>
  <datafield tag="700" ind1=" " ind2="1">
    <subfield code="a">&#x428;&#x4D9;&#x440;&#x4D9;&#x444;&#x438;&#x435;&#x432;&#x430;</subfield>
    <subfield code="b">&#x41B;.</subfield>
    <subfield code="g">&#x41B;&#x44E;&#x446;&#x438;&#x44F;</subfield>
    <subfield code="4">070</subfield>
  </datafield>
  <datafield tag="790" ind1=" " ind2="1">
    <subfield code="6">z01541</subfield>
    <subfield code="a">&#x428;&#x430;&#x440;&#x430;&#x444;&#x438;&#x435;&#x432;&#x430;</subfield>
    <subfield code="b">&#x41B;.</subfield>
    <subfield code="g">&#x41B;&#x44E;&#x446;&#x438;&#x44F;</subfield>
    <subfield code="4">070</subfield>
  </datafield>
  <datafield tag="852" ind1=" " ind2=" ">
    <subfield code="a">NLR</subfield>
    <subfield code="b">&#x41E;&#x41D;&#x41B;</subfield>
    <subfield code="j">&#x422;&#x430;&#x442;&#x430;&#x440;./4-1508</subfield>
  </datafield>
  <datafield tag="942" ind1=" " ind2=" ">
    <subfield code="c">BOOK</subfield>
  </datafield>
  <datafield tag="980" ind1=" " ind2=" ">
    <subfield code="a">NB</subfield>
  </datafield>
  <datafield tag="995" ind1=" " ind2=" ">
    <subfield code="5">2015-04-16</subfield>
    <subfield code="a">ad</subfield>
    <subfield code="b">NLR01</subfield>
    <subfield code="c">NLR01</subfield>
    <subfield code="e">ONL</subfield>
    <subfield code="f">1-695823</subfield>
    <subfield code="k">&#x41E;&#x41D;&#x41B; &#x422;&#x430;&#x442;&#x430;&#x440;./4-1508</subfield>
    <subfield code="o">0</subfield>
    <subfield code="r">BOOK</subfield>
    <subfield code="s">_41508</subfield>
  </datafield>
</record>
